| 000 | 01499nam0a2200349 4500 | ||
|---|---|---|---|
| 001 | RU\NLR\bibl\131106 | ||
| 005 | 20260407134007.0 | ||
| 035 | _a(NLR Aleph) 001341215 | ||
| 090 |
_a862025 _c862025 |
||
| 100 | _a20010131d1998 |||y0rusy50 ca | ||
| 101 | 1 |
_arus _csan |
|
| 102 | _aRU | ||
| 105 | _ay ||||||||| | ||
| 200 | 1 |
_aДхармашастра Нарады _fРос. акад. наук, Ин-т востоковедения и др. _gПер. с санскрита и коммент. А.А. Вигасина и А.М. Самозванцева _gВступ. ст. А.А. Вигасина |
|
| 210 |
_aМ. _cВост. лит. _d1998 |
||
| 215 |
_a254, [2] с. _d22 |
||
| 300 | _aВ надзаг. также: МГУ им. М.В. Ломоносова, Ин-т мировой культуры | ||
| 320 | _aБиблиогр.: с. 238-244 | ||
| 320 | _aПредм. указ. в конце кн. | ||
| 606 | 0 |
_aПраво _xИстория _yИндия _92002613 _3RU\NLR\auth\66920393 |
|
| 606 | 0 |
_aПраво _xИсточники _yИндия _92201746 _3RU\NLR\auth\661323031 |
|
| 686 | _aХ2(5Ид)3-3 | ||
| 702 | 1 |
_aВигасин _bА. А. _4730 |
|
| 712 | 0 | 2 |
_4570 _aИнститут востоковедения _cМосква _9498968 _3RU\NLR\AUTH\8810000899 |
| 801 | 0 |
_aRU _bNLR _c20010131 _gPSBO |
|
| 801 | 1 |
_aRU _bNLR _c20010131 |
|
| 852 |
_aNLR _jОЛСАА |
||
| 942 | _cBOOK | ||
| 980 | _aNB | ||